Calming the Storms: from Herdsboy to Speaker of the National Assembly (Record no. 4040)

MARC details
000 -LEADER
fixed length control field 00419nam a22001337a 4500
008 - FIXED-LENGTH DATA ELEMENTS--GENERAL INFORMATION
fixed length control field 240612b xxu||||| |||| 00| 0 eng d
020 ## - INTERNATIONAL STANDARD BOOK NUMBER
International Standard Book Number 978-9914-50-551-1
082 ## - DEWEY DECIMAL CLASSIFICATION NUMBER
Classification number 361
Item number CAL 2024
245 ## - TITLE STATEMENT
Title Calming the Storms: from Herdsboy to Speaker of the National Assembly
Statement of responsibility, etc. Francis Ole Kaparo
246 ## - VARYING FORM OF TITLE
Title proper/short title The memoirs of Francis Ole Kaparo
260 ## - PUBLICATION, DISTRIBUTION, ETC. (IMPRINT)
Place of publication, distribution, etc. Kenya
Name of publisher, distributor, etc. Francis Ole Kaparo
Date of publication, distribution, etc. 2024
300 ## - PHYSICAL DESCRIPTION
Extent 194p
942 ## - ADDED ENTRY ELEMENTS (KOHA)
Source of classification or shelving scheme Dewey Decimal Classification
Koha item type Books
Holdings
Withdrawn status Lost status Source of classification or shelving scheme Damaged status Not for loan Home library Current library Date acquired Total Checkouts Full call number Barcode Date last seen Price effective from Koha item type
    Dewey Decimal Classification     Bunge Tower Library Bunge Tower Library 06/12/2024   361 CAL 2024 2024-0002 06/12/2024 06/12/2024 Books
LIBRARY OPENING HOURS

When the Parliament is sitting: 8.00a.m - 7.00p.m or until the house adjourns
Mondays and Fridays and when the House is on Recess:  8.00a.m - 5.00p.m
Closed on Weekends and Public Holidays

Online Public Access Catalog (OPAC)
Website: http://www.parliament.go.ke
Bunge Library: https://libraryir.parliament.go.ke
Contact: library@parliament.go.ke | Tel no: (254-2)2221291 or 2848000 Ext 5043